The beach / (Record no. 31037)

MARC details
000 -LEADER
fixed length control field 00842 am a2200289Ia 4500
001 - CONTROL NUMBER
control field ocm38739360
003 - CONTROL NUMBER IDENTIFIER
control field EG-ScBUE
005 - DATE AND TIME OF LATEST TRANSACTION
control field 20251201101614.0
008 - FIXED-LENGTH DATA ELEMENTS--GENERAL INFORMATION
fixed length control field 980318s1997 nyu f 000 1 eng d
020 ## - INTERNATIONAL STANDARD BOOK NUMBER
International Standard Book Number 1573226521 (pbk.) :
020 ## - INTERNATIONAL STANDARD BOOK NUMBER
International Standard Book Number 9781573226523
035 ## - SYSTEM CONTROL NUMBER
System control number (OCoLC)ocm38739360
040 ## - CATALOGING SOURCE
Original cataloging agency OCO
Language of cataloging eng
Description conventions rda
Transcribing agency OCO
Modifying agency CSO
-- EG-ScBUE
043 ## - GEOGRAPHIC AREA CODE
Geographic area code as-----
082 ## - DEWEY DECIMAL CLASSIFICATION NUMBER
Edition number 22
Classification number 823.914
Item number GAR
100 1# - MAIN ENTRY--PERSONAL NAME
Personal name Garland, Alex,
Dates associated with a name 1970-
Relator term author.
245 14 - TITLE STATEMENT
Title The beach /
Statement of responsibility, etc Alex Garland.
264 #1 - PUBLICATION, DISTRIBUTION, ETC. (IMPRINT)
Place of publication, distribution, etc New York :
Name of publisher, distributor, etc Riverhead Books,
Date of publication, distribution, etc 1997.
300 ## - PHYSICAL DESCRIPTION
Extent 436 pages ;
Dimensions 21 cm
336 ## - CONTENT TYPE
Source rdacontent
Content type term text
Content type code txt
337 ## - MEDIA TYPE
Source rdamedia
Media type term unmediated
Media type code n
338 ## - CARRIER TYPE
Source rdacarrier
Carrier type term volume
Carrier type code nc
650 #7 - SUBJECT ADDED ENTRY--TOPICAL TERM
Source of heading or term BUEsh
Topical term or geographic name as entry element Beaches
Geographic subdivision Southeast Asia
Form subdivision Fiction.
651 #7 - SUBJECT ADDED ENTRY--GEOGRAPHIC NAME
Source of heading or term BUEsh
Geographic name Southeast Asia
Form subdivision Fiction.
655 ## - INDEX TERM--GENRE/FORM
Form subdivision Reading book
942 ## - ADDED ENTRY ELEMENTS (KOHA)
Source of classification or shelving scheme Dewey Decimal Classification
Koha item type Book - Borrowing
Holdings
Withdrawn status Lost status Source of classification or shelving scheme Damaged status Not for loan Collection code Home library Current library Shelving location Date acquired Source of acquisition Total Checkouts Full call number Barcode Date last seen Price effective from Koha item type
    Dewey Decimal Classification     Donation-Gift Central Library Central Library Second Floor 01/12/2025 Donation   823.914 GAR 000057434 01/12/2025 01/12/2025 Book - Borrowing